000
00314nam a22001337a 4500
008
171019b xxu||||| |||| 00| 0 eng d
020
_a
9780878358182
041
_a
eng
080
_a
338
100
_a
53
101
_a
MNG
245
_a
SYSTEMS ANALYSIS, DESIGN, AND IMPLEMENTATION
_c
BURCH, J,G
942
_2
udc
_c
BK
999
_c
34870
_d
34870